Najbardziej sfeminizowane kraje Unii Europejskiej - Statystyki

Ogólne statystyki
  • Ten quiz został rozwiązany 90 razy
  • Średni wynik to 11 z 15
Statystyki odpowiedzi
Wskaźnik feminizacji Państwo % Poprawnych
106,6 Polska
94%
103,8 Niemcy
90%
106,4 Francja
84%
106,1 Włochy
84%
118,0 Łotwa
80%
110,7 Portugalia
80%
117,0 Litwa
79%
113,8 Estonia
78%
104,7 Rumunia
76%
105.2 Słowacja
76%
107,2 Chorwacja
74%
104,4 Austria
72%
105,7 Bułgaria
67%
109,9 Węgry
59%
105,7 Cypr
32%
Nie znaleziono quizów pasujących do podanych kryteriów
Rozkład punktacji
Procent ludzi z każdym wynikiem
Percentyl według liczby udzielonych odpowiedzi
Twoja historia wyników
Nie rozwiązałeś tego quizu